Don't Starve all mobs - Statistics

General Stats
  • This quiz has been taken 33 times
  • The average score is 55 of 213
Answer Stats
Don't Starve % Correct
pig
95%
spider
81%
bee
76%
deerclops
76%
butterfly
71%
dragonfly
71%
beefalo
67%
hound
67%
moose/goose
67%
rabbit
67%
spider queen
67%
ancient guardian
62%
bee queen
62%
antlion
57%
catcoon
57%
chester
57%
clockwork bishop
57%
clockwork knight
57%
clockwork rook
57%
merm
57%
pig king
57%
spider warrior
57%
tentacle
57%
terrorbeak
57%
ancient fuelweaver
52%
blue hound
52%
celestial champion
52%
crab king
52%
red hound
52%
toadstool
52%
bunnyman
48%
eye of terror
48%
ghost
48%
killer bee
48%
tallbird
48%
treeguard
48%
werepig
48%
baby beefalo
43%
bearger
43%
cave spider
43%
crawling horror
43%
crow
43%
klaus
43%
malbatross
43%
moleworm
43%
redbird
43%
seal
43%
varg
43%
batilisk
38%
damaged bishop
38%
damaged knight
38%
damaged rook
38%
frog
38%
glommer
38%
snake
38%
tiger shark
38%
baby tentacle
33%
carrat
33%
coockie cutter
33%
ewecus
33%
gobbler
33%
MacTusk
33%
nurse spider
33%
quacken
33%
sealnado
33%
shadow piece
33%
slurper
33%
spitter
33%
volt goat
33%
dangling depth dweller
29%
grumble bee
29%
koalefant
29%
krampus
29%
lavae
29%
mosquito
29%
no eyed deer
29%
pengull
29%
pipspook
29%
prime ape
29%
pugalisk
29%
rock lobster
29%
slurtle
29%
smallbird
29%
Wee MacTusk
29%
beardlord
24%
birchnutter
24%
buzzard
24%
crabbit
24%
dragoon
24%
fishermerm
24%
gestalt
24%
guardian pig
24%
hutch
24%
jellyfish
24%
mandrake
24%
misery toadstool
24%
pog
24%
salamander
24%
snowbird
24%
snurtle
24%
spider monkey
24%
winter koalefant
24%
wobster
24%
ancient herald
19%
beardling
19%
big tentacle
19%
crocodog
19%
depths worm
19%
fruit fly
19%
gem deer
19%
gnarwail
19%
grass geko
19%
lureplant
19%
mant
19%
palm treeguard
19%
parrot
19%
poison birchnut tree
19%
poison snake
19%
queen womant
19%
reanimated skeleton
19%
rockjaw
19%
scorpion
19%
shattered spider
19%
water beefalo
19%
ancient spirit
14%
bfb
14%
blue crocodog
14%
blue whale
14%
bottlenose ballphin
14%
crabby hermit
14%
eyeplant
14%
fireflies
14%
friendly fruit fly
14%
grass gator
14%
horror hound
14%
large iron hulk
14%
lord of the fruit flies
14%
moon moth
14%
moonrock pengull
14%
mush gnome
14%
poison mosquito
14%
rainbow jellyfish
14%
retinazor
14%
sea strider
14%
sea weed
14%
skittersquid
14%
spazmatism
14%
stink ray
14%
swordfish
14%
teenbird
14%
terrorclaw
14%
thunderbird
14%
vampire bat
14%
yellow crocodog
14%
ancient sentrypede
10%
cormorant
10%
dogfish
10%
doydoy
10%
dust moth
10%
elder mandrake
10%
flup
10%
giant grub
10%
glowfly
10%
gnat swarm
10%
greater gestalt
10%
hippopotamoose
10%
kingfisher
10%
loyal merm guard
10%
mosling
10%
naked mole bat
10%
peagawk
10%
pirate parrot
10%
poison dartfrog
10%
quacken tentacle
10%
rabid beetle
10%
seagull
10%
sea hound
10%
shadow splumonkey
10%
sharkitten
10%
snaptooth flytrap
10%
snaptooth seedling
10%
suspicious peeper
10%
teen beefalo
10%
toucan
10%
viper
10%
white whale
10%
baby doydoy
5%
floaty boaty knight
5%
misshapen bird
5%
moonblind crow
5%
packim baggims
5%
pigeon
5%
piko
5%
platapine
5%
poison spider warrior
5%
shadow tentacle
5%
toddler beefalo
5%
wavey jones
5%
weevole
5%
wildbore
5%
woby
5%
yaarctopus
5%
charged volt goat
0%
dung bettle
0%
glowfly cocoon
0%
hanging vine
0%
houndius shootius
0%
pangolden
0%
ro bin
0%
sentrypede husk
0%
teen doydoy
0%
woven shadow
0%
No matching quizzes found
Score Distribution
Percent of People with Each Score
Percentile by Number Answered
Your Score History
You have not taken this quiz